Adivinos y oráculos griegos
Sábháilte in:
| Príomhchruthaitheoir: | |
|---|---|
| Formáid: | LEABHAR |
| Teanga: | Spáinnis |
| Foilsithe / Cruthaithe: |
Buenos Aires, Argentina
EUDEBA
1965
|
| Sraith: | Cuadernos de Eudeba,
146 |
| Ábhair: | |
| Clibeanna: |
Cuir clib leis
Níl clibeanna ann, Bí ar an gcéad duine le clib a chur leis an taifead seo!
|
MARC
| LEADER | 00000cam a2200000 a 4500 | ||
|---|---|---|---|
| 001 | UCF8539 | ||
| 003 | CL-VaPUC | ||
| 005 | 20210908112154.0 | ||
| 008 | 130906e19650000ag |||||||||||||||||spa|d | ||
| 999 | |c 353108 |d 353106 | ||
| 040 | |c Pontificia Universidad Católica de Valparaíso | ||
| 082 | 0 | 4 | |a 133.3248 FLA 1965 |2 21 |
| 100 | 0 | |a Flaceliere, Robert |e author |9 570637 | |
| 245 | 1 | 0 | |a Adivinos y oráculos griegos |
| 260 | |a Buenos Aires, Argentina |b EUDEBA |c 1965 | ||
| 300 | |a 95 páginas | ||
| 490 | 0 | |a Cuadernos de Eudeba, |v 146 | |
| 583 | |a last modification |c 20130906 13:01:00 |k Rodrigo Vera | ||
| 650 | 7 | |a ORACULOS GRIEGOS |2 CL-VaPUC |9 267334 | |
| 650 | 0 | |a Adivinación |9 318474 | |
| 650 | 0 | |a Historia de Grecia |9 267917 | |
| 942 | |c BK |2 ddc | ||
| 945 | |d 20130906 13:01:00 |a dcastane | ||
| 952 | |0 0 |1 0 |2 ddc |3 erb |4 0 |6 133_324800000000000_FLA_1965 |7 0 |8 A |9 458034 |a BIBHIS |b BIBHIS |d 2019-11-23 |i 5002133 |o 133.3248 FLA 1965 |p 5002133 |r 2025-01-20 |t 1 |w 2019-11-23 |y BK |z Catalogado en:20130906 |k HIS | ||